000 00357pam a2200157a 44500
008 230515b1996 xxu||||| |||| 00| 0 eng d
020 _aNULL
041 _aENGLISH
082 _a630
100 _aSHAH D L
245 _aISP 9000 QUALITY MANAGEMENT SYSTEMS
250 _a6
260 _aDELHI
_bLEA AND FEBIGER.
_c1996
300 _a212
650 _aNULL
999 _c651428
_d651428